000 00858nam a2200193 a 4500
005 20250903154032.0
008 250902s2025##################000#0#eng##
020 _a9780073137452
_qpbk
041 _aeng
082 0 4 _a780.9
_bFUL
100 _aFuller, Sarah
245 1 0 _aThe European Musical Heritage, 800-1750
_c/ Sarah Fuller
250 _arev. ed.
260 _aBoston
_bMcgraw-hill Higher Education
_c2006
300 _axviii, 621 p.
_b: ill.
_c; 28 cm.
520 _aFeatures an anthology that offers a selection of musical scores for various major genres of Medieval, Renaissance, and Baroque music. This work contains selections that are grouped by type within each period to facilitate comparison and further study. It also provides extra resources such as translations, notes on sources, and more.
650 _aClassical Music
942 _cREF
999 _c585069
_d585069